Principles of soft computing (Record no. 186390)
[ view plain ]
| 000 -LEADER | |
|---|---|
| fixed length control field | 00440nam a2200169Ia 4500 |
| 005 - DATE AND TIME OF LATEST TRANSACTION | |
| control field | 20250416143856.0 |
| 008 - FIXED-LENGTH DATA ELEMENTS--GENERAL INFORMATION | |
| fixed length control field | 231217s9999 xx 000 0 und d |
| 020 ## - INTERNATIONAL STANDARD BOOK NUMBER | |
| International Standard Book Number | 9788126510757 |
| 082 ## - DEWEY DECIMAL CLASSIFICATION NUMBER | |
| Classification number | 006.3 SIV;1 R |
| 100 ## - MAIN ENTRY--PERSONAL NAME | |
| Personal name | Sivanandam, S N. Deepa, S N. |
| 245 #0 - TITLE STATEMENT | |
| Title | Principles of soft computing |
| 250 ## - EDITION STATEMENT | |
| Edition statement | 1st ed. |
| 260 ## - PUBLICATION, DISTRIBUTION, ETC. (IMPRINT) | |
| Date of publication, distribution, etc. | 2007 |
| Name of publisher, distributor, etc. | John Wiley & Sons |
| Place of publication, distribution, etc. | New Delhi |
| 300 ## - PHYSICAL DESCRIPTION | |
| Extent | xx, 742 |
| 650 ## - SUBJECT ADDED ENTRY--TOPICAL TERM | |
| Topical term or geographic name as entry element | soft,computing |
| 942 ## - ADDED ENTRY ELEMENTS (KOHA) | |
| Koha item type | Books |
| Date last seen | Total Checkouts | Full call number | Accession number | Old discount | Checked out | Date checked out | Cost, replacement price | Price effective from | Category | Lost status | Damaged status | Department | Withdrawn status | bill no. | bill date | Permanent Location | Current Location | Shelving location | Entry date | Vendor | Cost, normal purchase price | Grants | Currency symbol | Conversion rate | Discount | Discount type |
|---|---|---|---|---|---|---|---|---|---|---|---|---|---|---|---|---|---|---|---|---|---|---|---|---|---|---|
| 26/01/2024 | 006.3 SIV;2 R1 | 61416 | 25 | 321.75 | 26/01/2024 | Books | Central Library | RB-071 | 25/02/2014 | Central Library | Central Library | Central Library | Royal Biblioman | 429.00 | CS | RS | 1 | 107.25 | Rupees | |||||||
| 26/01/2024 | 006.3 SIV;3 | 61417 | 25 | 321.75 | 26/01/2024 | Books | Central Library | RB-071 | 25/02/2014 | Central Library | Central Library | Central Library | Royal Biblioman | 429.00 | CS | RS | 1 | 107.25 | Rupees | |||||||
| 13/12/2024 | 1 | 006.3 SIV;4 | 61418 | 25 | 02/04/2024 | 321.75 | 26/01/2024 | Books | Central Library | RB-071 | 25/02/2014 | Central Library | Central Library | Central Library | Royal Biblioman | 429.00 | CS | RS | 1 | 107.25 | Rupees | |||||
| 26/01/2024 | 006.3 SIV;5 | 61419 | 25 | 321.75 | 26/01/2024 | Books | Central Library | RB-071 | 25/02/2014 | Central Library | Central Library | Central Library | Royal Biblioman | 429.00 | CS | RS | 1 | 107.25 | Rupees | |||||||
| 19/06/2025 | 1 | 006.3 SIV;1 R | 61415 | 25 | 03/07/2025 | 19/06/2025 | 321.75 | 26/01/2024 | Books | Central Library | RB-071 | 25/02/2014 | Central Library | RFID Kiosk | Central Library | Royal Biblioman | 429.00 | CS | RS | 1 | 107.25 | Rupees |
